真田十勇士 - Statistics

General Stats
  • This quiz has been taken 10 times
  • The average score is 7 of 10
Answer Stats
Answer % Correct
猿飛佐助
100%
霧隠才蔵
89%
三好清海入道
78%
海野六郎
67%
根津甚八
67%
三好伊佐入道
56%
穴山小助
56%
由利鎌之助
56%
望月六郎
56%
筧十蔵
33%
No matching quizzes found
Score Distribution
Percent of People with Each Score
Percentile by Number Answered
Your Score History
You have not taken this quiz